000 00366nam a2200157Ia 4500
003 LK-CoDNM
008 010623t1938 xxu||||| |||| 00| 1 sin d
040 _aLK-CoDNM
_dLK-CoDNM
_eLK-CoDNM
041 _asin
080 _aD 18
245 _aගාමිණී
246 _aGamini
260 _bSwastika Press
_aColombo
_c1938
300 _b24p., 27 cm
942 _cBK
999 _c98948
_d98948